000 00358nam a22001337a 4500
999 _c9237
_d9237
003 OSt
008 201119b ||||| |||| 00| 0 eng d
100 _aBhargava, N. N. and Kulshreshtha, D. C.
245 _aBasic Electronic and Liner Circuits
260 _aNew Delhi
_bTata McGraw-Hill
_c2019
300 _a482
650 _aB.Sc Non Medical
942 _2ddc
_cBK